000 07369namaa22004451i 4500
003 EG-GICUC
005 20260312114305.0
008 260308s2025 ua a|||frm||| 000 0 eng d
040 _aEG-GICUC
_beng
_cEG-GICUC
_dEG-GICUC
_erda
041 0 _aeng
_beng
_bara
049 _aDeposit
082 0 4 _a615.82
092 _a615.82
_221
097 _aM.Sc
099 _aCai01.21.10.M.Sc.2025.Ya.E
100 0 _aYasser Mohamed Habiba,
_epreparation.
245 1 0 _aEffect of aerobic versus resistive exercise on cardiac functions in patients with hypothyrodism /
_cby Yasser Mohamed Habiba ; Supervisors Prof. Dr. Nesreen Ghareeb EL- Nahas, Prof. Dr. Ahmed Salama Soliman Nomeir, Dr. Asmaa Mohammed Mohammed Sharabash.
246 1 5 _aتأثير التمارين الهوائية مقابل تمارين المقاومة على وظائف القلب في مرضى قصور الغدة الدرقية
264 0 _c2025.
300 _a111 pages :
_billustrations ;
_c25 cm. +
_eCD.
336 _atext
_2rda content
337 _aUnmediated
_2rdamedia
338 _avolume
_2rdacarrier
502 _aThesis (M.Sc)-Cairo University, 2025.
504 _aBibliography: pages 93-109.
520 3 _aBackground: Hypothyroidism results from a reduction in thyroid hormone levels, either due to decreased endogenous synthesis or exogenous hormone administration. Physical training has been shown to enhance endothelial function in individuals with hypothyroidism. Furthermore, physical exercise plays a role in mitigating obesity commonly associated with hypothyroidism, given that thyroid hormones regulate metabolic processes. Additionally, both aerobic and resistance exercise contribute to an increase in blood HDL cholesterol levels and have a positive impact on overall quality of life. Purpose: to compare the effect of Aerobic and resistive exercise on cardiac function in patient with hypothyroidism. Patients and Methods: Fifty-two hypothyroidism patients from both sexes(29 males and 23 females), their age ranged from 40 to 50 years were selected from outpatient clinic of the Internal Medicine Department at Edko Central Hospital.They were randomly assigned into two groups (26 each): Group A (Aerobic group) and Group B (Resistive group). Outcome measures: Cardiac function through assessing (ejection fraction and Cardiac Index), Thyroid hormones levels (TSH, T3, T4), and health related quality of life by using SF-12 questionners after three times per week for 12 successive weeks. RESULTS: There was a significant variation in EF(19%-11.2%), CI(24%-16%), TSH(17.7%-30.2%), Physical Function(46.2%-24.6), Vitality(44.8%-27.9%), Social Functioning(41.9%-14.11), Role Emotional(39%-15.3%), Mental Health( 32.5%-13.9)between both groups post-treatment (P= 0.005), with no significant variation in T3(40%-47%), T4(18.9%-19.4%), General Health(60.1%-54.7%), Role Physical(24.6%-21.6%), Body Pain(19.3%-17.8%). Conclusions: Aerobic exercise and resistance exercises had good effect in controlling thyroid function through improving TSH, T3, and T4 level, cardiac functions that leading to improve the quality of life in hypothyroidism patient.
520 3 _aالخلفية: يحدث قصور الغدة الدرقية نتيجة انخفاض في تركيز هرمون الغدة الدرقية بسبب نقص إنتاجه أو التناول الخارجي له. يعمل التدريب البدني على تحسين وظيفة البطانة الداخلية للأوعية الدموية لدى مرضى قصور الغدة الدرقية، مما يشير إلى اضطراب في فيزيولوجيا العديد من العوامل الوعائية النشطة التي تنتجها البطانة، مثل أكسيد النيتريك. كما أن التمارين الرياضية تساهم في تقليل السمنة، وهي سمة مميزة لقصور الغدة الدرقية، حيث إن هرمونات الغدة الدرقية تلعب دورًا رئيسيًا في تنظيم الأيض. بالإضافة إلى ذلك، تساهم التمارين في زيادة تركيز HDL في الدم أثناء التمارين الهوائية وتمارين المقاومة، مما يحسن جودة الحياة. الهدف: الكشف عن تأثير ومقارنة التمارين الهوائية مقابل تمارين المقاومة على وظائف القلب لدى مرضى قصور الغدة الدرقية. المواد والأساليب: شملت الدراسة 52 مريضًا يعانون من قصور الغدة الدرقية من كلا الجنسين، تراوحت أعمارهم بين 40 و50 عامًا، وتم اختيارهم من العيادة الخارجية لقسم الباطنة بمستشفى إدكو المركزي. تم تقسيمهم عشوائيًا إلى مجموعتين (26 مريضًا لكل مجموعة): المجموعة (A) - مجموعة التمارين الهوائية: خضع المرضى لبرنامج تمرينات هوائية باستخدام دراجة التمارين لمدة 30 دقيقة، ثلاث مرات أسبوعيًا، لمدة 12 أسبوعًا متتاليًا. المجموعة (B) - مجموعة تمارين المقاومة: خضع المرضى لتمارين مقاومة تستهدف الأطراف العلوية والسفلية باستخدام الأوزان الحرة (مثل رفع الأثقال وأكياس الرمل) وفق اختبار الحد الأقصى لمرة واحدة (1RM). تم تقييم النتائج من خلال: وظائف القلب: من خلال قياس معدل القذف القلبي (EF) ومؤشر القلب (CI).، مستويات هرمونات الغدة الدرقية: TSH، T3، T4.، جودة الحياة: باستخدام استبيان SF-12. النتائج: أظهرت النتائج فروقًا ذات دلالة إحصائية في ( EF، CI، TSH، PF، VT، SF، RE،MH) بين المجموعتين بعد العلاج (P= 0.005) ، بينما لم تظهر فروق ذات دلالة إحصائية في T3)، T4، GH، RP،BP) الاستنتاج: كان لكل من التمارين الهوائية وتمارين المقاومة تأثير إيجابي على التحكم في وظائف الغدة الدرقية من خلال تحسين مستويات TSH وT3 وT4، بالإضافة إلى تحسين وظائف القلب وجودة الحياة لدى مرضى قصور الغدة الدرقية.
530 _aIssues also as CD.
546 _aText in English and abstract in Arabic & English.
650 0 _aPhysical Therapy
650 0 _aالعلاج الطبيعي
653 1 _aHypothyrodism
_aAerobic Exercise Resistive
_aCardiac Functions
_aالتمارين الهوائية
_aتمارين المقاومة
700 0 _aNesreen Ghareeb EL- Nahas
_ethesis advisor.
700 0 _aAhmed Salama Soliman Nomeir
_ethesis advisor.
700 0 _aAsmaa Mohammed Mohammed Sharabash
_ethesis advisor.
900 _b01-01-2025
_cNesreen Ghareeb EL- Nahas
_cAhmed Salama Soliman Nomeir
_cAsmaa Mohammed Mohammed Sharabash
_UCairo University
_FFaculty of Physical Therapy
_DDepartment of Physical Therapy for Cardiovascular/ Respiratory Disorder and Geriatrics
905 _aShimaa
_eEman Ghareb
942 _2ddc
_cTH
_e21
_n0
999 _c178925